Brand Logos That Are Orange - Statistics

General Stats
  • This quiz has been taken 129 times
  • The average score is 12 of 20
Answer Stats
Picture Answer % Correct
Firefox
98%
Bitcoin
94%
Burger King
91%
Nickelodeon
91%
Reddit
91%
Nerf
89%
Dunkin'
86%
Soundcloud
78%
Harley-Davidson
77%
WNBA
70%
Temu
62%
Fanta
58%
Dave & Buster's
51%
Just Eat
49%
easyJet
43%
Crunchyroll
32%
VLC
21%
Strava
19%
Alibaba
10%
Shopee
7%
No matching quizzes found
Score Distribution
Percent of People with Each Score
Percentile by Number Answered
Your Score History
You have not taken this quiz